=LDR 00000nam 2200000 4500 =001 INLIS000000000035993 =005 20130612141815 =008 ***********************************Ind** =035 ##$$0010-061300000035993 =041 ##$$a Ind =082 ##$$a 808.1 =090 ##$$a 808.1 =100 ##$$a Adi Aziz =245 ##$$a Mata mbeling Jeihan =260 ##$$a 2000 $b Jakarta =300 ##$$a 148 Hlm,, Ilus, 24 cm =700 ##$$a Atasi Amin =850 ##$$a NBPNMAT =990 ##$$a 06680668 =990 ##$$a 01201800668